| 000 | 00729nam a2200253 i 4500 | ||
|---|---|---|---|
| 001 | 105864 | ||
| 003 | ES-MaACL | ||
| 005 | 20250512063029.0 | ||
| 007 | t| | ||
| 008 | 060905s1977 sp ||||1| spa d | ||
| 020 | _a84-7367-047-7 | ||
| 080 | _a330.86 | ||
| 100 | 1 |
_aTrotsky, Leon, _d1879-1940 _9240350 |
|
| 245 | 1 | 3 |
_aEl programa de transición / _cLeon Trotsky. |
| 250 | _a1ª ed. | ||
| 260 |
_aBarcelona : _bFontamara, _c1977. |
||
| 300 |
_a203 p. ; _c19 cm. |
||
| 490 | 1 | _aDe la naturaleza de las cosas | |
| 500 | _aBiblioteca Juan Andrade. | ||
| 650 | 4 |
_aTrotskismo. _917652 |
|
| 830 | 0 |
_aDe la naturaleza de las cosas _9185146 |
|
| 852 |
_aES-MaACL _jAND-703 _bR.109999 |
||
| 999 |
_c105864 _d105864 |
||